পাল-পূর্ব যুগের বংশানুচরিত / (Record no. 55060)
[ view plain ]
| 000 -LEADER | |
|---|---|
| fixed length control field | 00859nam a2200217 a 4500 |
| 001 - CONTROL NUMBER | |
| control field | 55060 |
| 003 - CONTROL NUMBER IDENTIFIER | |
| rucl marc code | BD-RjUL |
| 005 - DATE AND TIME OF LATEST TRANSACTION | |
| control field | 20211209080217.0 |
| 008 - FIXED-LENGTH DATA ELEMENTS--GENERAL INFORMATION | |
| fixed length control field | 161113s1985 ii ||||| |||| 00| 0 ben d |
| 035 ## - SYSTEM CONTROL NUMBER | |
| System control number | (BD-RjUL)55182 |
| 040 ## - CATALOGING SOURCE | |
| Original cataloging agency | BD-RjUL |
| Language of cataloging | ben |
| Transcribing agency | BD-RjUL |
| Modifying agency | BD-RjUL |
| 041 ## - LANGUAGE CODE | |
| Language code of text/sound track or separate title | ben |
| 082 ## - DEWEY DECIMAL CLASSIFICATION NUMBER | |
| Edition number | 23 |
| Classification number | 954.02 |
| Author mark and year | SIP 1985 |
| 100 ## - MAIN ENTRY--PERSONAL NAME | |
| Personal name | সরকার, দীনেশচন্দ্র |
| 9 (RLIN) | 164126 |
| 245 10 - TITLE STATEMENT | |
| Title | পাল-পূর্ব যুগের বংশানুচরিত / |
| Statement of responsibility, etc. | দীনেশচন্দ্র সরকার, |
| 260 ## - PUBLICATION, DISTRIBUTION, ETC. (IMPRINT) | |
| Place of publication, distribution, etc. | কলকাতা : |
| Name of publisher, distributor, etc. | সাহিত্যলোক, |
| Date of publication, distribution, etc. | ১৯৮৫. |
| 300 ## - PHYSICAL DESCRIPTION | |
| Pagination | [১৭], ২৫৭ পৃ. : |
| Illustrations | চিত্র ; |
| Size | ২৪ সেমি. |
| 651 ## - SUBJECT ADDED ENTRY--GEOGRAPHIC NAME | |
| Geographic name | ভারত |
| Form subdivision | ইতিহাস |
| Chronological subdivision | (৬৪৭-১৭৪৫) |
| 9 (RLIN) | 164127 |
| Geographic name | India |
| Form subdivision | History |
| Chronological subdivision | (647-1745) |
| 9 (RLIN) | 164128 |
| 942 ## - ADDED ENTRY ELEMENTS (KOHA) | |
| Source of classification or shelving scheme | Dewey Decimal Classification |
| Koha item type | Books |
| Lost status | Source of classification or shelving scheme | Damaged status | Not for loan | Collection code | Permanent Location | Current Location | Shelving location | Date acquired | Source of acquisition | Cost, normal purchase price | Total Checkouts | Full call number | Date last seen | Copy number | Koha item type |
|---|---|---|---|---|---|---|---|---|---|---|---|---|---|---|---|
| Dewey Decimal Classification | Non-fiction | Central Library, University of Rajshahi | Central Library, University of Rajshahi | 15/10/2005 | Paragon Enterprise Ltd.Dhaka. | 60.00 | B 954.02 SIP 1985 | 13/11/2016 | C-2 | Books |